Las Cortes de Toledo de 1480 / (Registro nro. 164310)
[ vista simple ]
| 000 -LEADER | |
|---|---|
| campo de control de longitud fija | 00810nam a22001935i 4500 |
| 001 - NÚMERO DE CONTROL | |
| campo de control | 164310 |
| 003 - IDENTIFICADOR DE NÚMERO DE CONTROL | |
| campo de control | ES-MaACL |
| 005 - FECHA Y HORA DE LA ÚLTIMA TRANSACCIÓN | |
| campo de control | 20230906212919.0 |
| 008 - DATOS DE LONGITUD FIJA--INFORMACIÓN GENERAL | |
| campo de control de longitud fija | 140404s1955 sp |||| | spa d |
| 100 1# - ENTRADA PRINCIPAL--NOMBRE DE PERSONA | |
| Nombre de persona | Pastor Gómez, José. |
| 9 (RLIN) | 89506 |
| 245 14 - MENCIÓN DEL TÍTULO | |
| Título | Las Cortes de Toledo de 1480 / |
| Mención de responsabilidad, etc. | discurso de ingreso del académico José Pastor Gómez y discurso-contestación por Clemente Palencia Flores. |
| 260 ## - PUBLICACIÓN, DISTRIBUCIÓN, ETC. | |
| Lugar de publicación, distribución, etc. | Toledo : |
| Nombre del editor, distribuidor, etc. | Real Academia de Bellas Artes y Ciencias Históricas de Toledo, |
| Fecha de publicación, distribución, etc. | 1955. |
| 300 ## - DESCRIPCIÓN FÍSICA | |
| Extensión | 46 p. ; |
| Dimensiones | 21 cm. |
| 500 ## - NOTA GENERAL | |
| Nota general | Separata: "Toletum", años XXX-XXXI, XXXII.- nº 66-67-68. |
| 610 24 - PUNTO DE ACCESO ADICIONAL DE MATERIA--NOMBRE DE ENTIDAD CORPORATIVA | |
| Nombre de entidad corporativa o nombre de jurisdicción como elemento de entrada | Castilla (Reino). |
| Unidad subordinada | Cortes- |
| Subdivisión de forma | Historia. |
| 9 (RLIN) | 154670 |
| 651 ## - PUNTO DE ACCESO ADICIONAL DE MATERIA--NOMBRE GEOGRÁFICO | |
| Nombre geográfico | España- |
| Subdivisión general | Historia- |
| Subdivisión cronológica | 1474-1516, Reyes Católicos. |
| 9 (RLIN) | 8222 |
| 700 0# - ENTRADA AGREGADA--NOMBRE PERSONAL | |
| Nombre de persona | Palencia Flores, Clemente. |
| 9 (RLIN) | 88538 |
| 852 ## - LOCALIZACIÓN | |
| Ubicación | ES-MaACL |
| Número de control de estantería | 1591-F-13 |
| Estatus retirado | Estado de pérdida | Estado de daño | No para préstamo | Colección | Biblioteca de origen | Biblioteca actual | Ubicación en estantería | Fecha de adquisición | Fuente de adquisición | Total de préstamos | Signatura topográfica completa | Código de barras | Visto por última vez | Precio de reemplazo | Tipo de ítem Koha |
|---|---|---|---|---|---|---|---|---|---|---|---|---|---|---|---|
| Colección de folletos | Biblioteca del Ateneo de Madrid | Biblioteca del Ateneo de Madrid | Depósito folletos | 17/01/2008 | 1591-F-13 | 1172224 | 23/02/2023 | 23/02/2023 | Folleto |
